[Event "Catalunya-ch U14"]
[Site "Vila Seca"]
[Date "2011.04.17"]
[Round "2"]
[White "Forsberg Conde, Martin"]
[Black "Casanovas Cantarero, Eric"]
[Result "1-0"]
[WhiteElo "2052"]
[BlackElo "1701"]
[PlyCount "73"]
[EventDate "2011.04.16"]
[EventType "swiss"]
[EventRounds "8"]
[EventCountry "ESP"]
[SourceTitle "EXT 2015"]
[Source "ChessBase"]
[SourceDate "2014.11.20"]
[SourceVersion "1"]
[SourceVersionDate "2014.11.20"]
[SourceQuality "1"]

1. e4 c5 2. Nf3 Nc6 3. d4 cxd4 4. Nxd4 g6 5. Nc3 Bg7 6. Nde2 Nf6 7. g3 0-0 8. Bg2 d6 9. 0-0 Bd7 10. Nd5 Nxd5 11. exd5 Ne5 12. a4 a6 13. Nd4 Qc7 14. Ra2 Qc4 15. b3 Qxd4 16. Qxd4 Nf3+ 17. Bxf3 Bxd4 18. Re1 Rfe8 19. c4 Bf6 20. a5 Bd4 21. Re4 Bc5 22. Rae2 e5 23. dxe6 Rxe6 24. Rxe6 Bxe6 25. Bxb7 Rb8 26. Bxa6 Rxb3 27. Kg2 Rb1 28. Bh6 Rb8 29. Bb5 d5 30. Rc2 Ra8 31. Bc6 Rxa5 32. cxd5 Bf5 33. Re2 f6 34. Rb2 Bd4 35. Rb8+ Kf7 36. Rb7+ Kg8 37. d6 1-0